| 000 | 00335nam a22001337a 4500 | ||
|---|---|---|---|
| 003 | SGT | ||
| 020 | _a9780415709989 | ||
| 082 | _a371.9,LAC | ||
| 100 | _aLACEY,PENNY | ||
| 245 |
_aTHE ROUTLEDGE COMPANION TO SEVERE _bProfound and Multiple Learning Difficulties |
||
| 260 |
_aLANDON _bROUTLEDGE _c2015 |
||
| 300 | _a435 | ||
| 942 |
_2ddc _cBK |
||
| 999 |
_c27181 _d27181 |
||